[Event "SWE-chT 0708"]
[Site "Sweden"]
[Date "2008.02.23"]
[Round "8"]
[White "Hector, Jonny"]
[Black "Johansson, Mikael"]
[Result "0-1"]
[WhiteElo "2620"]
[BlackElo "2369"]
[PlyCount "90"]
[EventDate "2007.10.19"]
[EventType "team-tourn"]
[EventRounds "11"]
[EventCountry "SWE"]
[SourceTitle "EXT 2009"]
[Source "ChessBase"]
[SourceDate "2008.11.26"]
[SourceVersion "1"]
[SourceVersionDate "2008.11.26"]
[SourceQuality "1"]
[WhiteTeam "Limhamn"]
[BlackTeam "Astorp"]
[WhiteTeamCountry "SWE"]
[BlackTeamCountry "SWE"]

1. e4 d5 2. exd5 Qxd5 3. Nc3 Qd6 4. Ne4 Qd5 5. d3 Nc6 6. f4 Nf6 7. Nxf6+ exf6 8. Be3 Bb4+ 9. c3 0-0 10. Qf3 Qd6 11. Be2 Re8 12. Kf1 Bg4 13. Qxg4 Rxe3 14. Nf3 Rae8 15. Re1 Qe7 16. Nh4 h5 17. Qxh5 g6 18. Qg4 Kf8 19. f5 g5 20. g3 Nd4 21. cxb4 Nxe2 22. Ng2 Re5 23. h4 Qd7 24. Rxe2 Qxd3 25. hxg5 Qd1+ 26. Ne1 Qxe2+ 27. Qxe2 Rxe2 28. Nf3 Kg7 29. gxf6+ Kxf6 30. g4 Rxb2 31. Rh6+ Kg7 32. g5 Ree2 33. f6+ Kg8 34. g6 Rf2+ 35. Ke1 fxg6 36. Rxg6+ Kf7 37. Ne5+ Ke6 38. Nd3 Rbe2+ 39. Kd1 Rd2+ 40. Ke1 Rh2 41. f7+ Kxf7 42. Ne5+ Ke7 43. Nf3 Rhe2+ 44. Kf1 Rxa2 45. Ne1 Re6 0-1

[Event "SWE-chT 0708"]
[Site "Sweden"]
[Date "2007.11.17"]
[Round "4"]
[White "Andreasson, Ingvar"]
[Black "Johansson, Mikael"]
[Result "1-0"]
[WhiteElo "2400"]
[BlackElo "2361"]
[PlyCount "75"]
[EventDate "2007.10.19"]
[EventType "team-tourn"]
[EventRounds "11"]
[EventCountry "SWE"]
[SourceTitle "EXT 2009"]
[Source "ChessBase"]
[SourceDate "2008.11.26"]
[SourceVersion "1"]
[SourceVersionDate "2008.11.26"]
[SourceQuality "1"]
[WhiteTeam "Kamraterna"]
[BlackTeam "Astorp"]
[WhiteTeamCountry "SWE"]
[BlackTeamCountry "SWE"]

1. Nf3 Nf6 2. g3 g6 3. Bg2 Bg7 4. d4 0-0 5. 0-0 d6 6. c4 c6 7. Qb3 Nbd7 8. Rd1 Qc7 9. Nc3 e5 10. e4 a5 11. h3 a4 12. Qc2 Re8 13. dxe5 dxe5 14. Be3 Qa5 15. Bd2 Qa6 16. Bf1 Bf8 17. Rab1 Qa5 18. Nd5 Qd8 19. Nxf6+ Qxf6 20. Bg5 Qg7 21. b4 axb3 22. axb3 h6 23. Bd2 Qf6 24. Bg2 Nc5 25. Bc3 Bxh3 26. Nxe5 Qe6 27. Bxh3 Qxh3 28. b4 Bg7 29. Nxg6 fxg6 30. bxc5 Re7 31. Rd6 Kh7 32. Bxg7 Rxg7 33. e5 Qg4 34. Qd3 Ra5 35. e6 Qf5 36. Qxf5 gxf5 37. Rd7 Kg6 38. e7 1-0

[Event "SWE-chT 0607"]
[Site "Sweden"]
[Date "2007.03.03"]
[Round "8"]
[White "Cicak, Slavko"]
[Black "Johansson, Mikael"]
[Result "1-0"]
[WhiteElo "2569"]
[BlackElo "2370"]
[PlyCount "71"]
[EventDate "2006.10.20"]
[EventType "team-tourn"]
[EventRounds "11"]
[EventCountry "SWE"]
[SourceTitle "EXT 2009"]
[Source "ChessBase"]
[SourceDate "2008.11.26"]
[SourceVersion "1"]
[SourceVersionDate "2008.11.26"]
[SourceQuality "1"]
[WhiteTeam "Skara"]
[BlackTeam "Astorp"]
[WhiteTeamCountry "SWE"]
[BlackTeamCountry "SWE"]

1. e4 d5 2. exd5 Nf6 3. Bb5+ Nbd7 4. c4 a6 5. Ba4 b5 6. cxb5 Nxd5 7. Nc3 N5b6 8. Bc2 axb5 9. Nxb5 Ba6 10. Nc3 e5 11. Nge2 Qh4 12. 0-0 0-0-0 13. a4 Nf6 14. a5 Nbd5 15. Bf5+ Kb8 16. Ra4 Nb4 17. Na2 c5 18. Nxb4 cxb4 19. d4 Bd6 20. d5 Qc4 21. Ng3 Nxd5 22. Re1 Bb5 23. Ra1 Bc7 24. a6 g6 25. Bg4 Qc5 26. a7+ Ka8 27. Bg5 f5 28. Rc1 Qxf2+ 29. Kxf2 Bb6+ 30. Kf3 fxg4+ 31. Ke4 Nc3+ 32. bxc3 Bc6+ 33. Kxe5 Bc7+ 34. Kf6 Rdf8+ 35. Kg7 h5 36. Qb3 1-0

[Event "SWE-chT 0607"]
[Site "Sweden"]
[Date "2006.10.22"]
[Round "3"]
[White "Johansson, Mikael"]
[Black "Eriksson, Anders"]
[Result "0-1"]
[WhiteElo "2370"]
[BlackElo "2393"]
[PlyCount "138"]
[EventDate "2006.10.20"]
[EventType "team-tourn"]
[EventRounds "11"]
[EventCountry "SWE"]
[SourceTitle "EXT 2009"]
[Source "ChessBase"]
[SourceDate "2008.11.26"]
[SourceVersion "1"]
[SourceVersionDate "2008.11.26"]
[SourceQuality "1"]
[WhiteTeam "Astorp"]
[BlackTeam "Vasteras"]
[WhiteTeamCountry "SWE"]
[BlackTeamCountry "SWE"]

1. Nc3 d5 2. e4 c6 3. d4 dxe4 4. Nxe4 Nd7 5. Nf3 Ngf6 6. Nxf6+ Nxf6 7. Ne5 Be6 8. c3 g6 9. Bd3 Bg7 10. Qe2 0-0 11. 0-0 Qc8 12. f4 Bf5 13. Bc4 Be6 14. Bd2 Bxc4 15. Qxc4 e6 16. Rae1 Nd5 17. b4 a5 18. a3 Ra6 19. Bc1 axb4 20. axb4 b5 21. Qb3 Qc7 22. g4 Re8 23. Nd3 Raa8 24. Nc5 Qd8 25. Kg2 Nf6 26. Kg3 Qd5 27. Qb1 Nxg4 28. Re5 Nxe5 29. fxe5 Ra2 30. Ne4 Re2 31. Rf4 Qa2 32. Qxa2 Rxa2 33. Rf3 h6 34. h4 Rc2 35. Bd2 Ra8 36. Rf2 Raa2 37. Rh2 Bf8 38. h5 g5 39. Rf2 Be7 40. Kg2 Kf8 41. Re2 Rc1 42. Rf2 Rb1 43. Re2 Raa1 44. Ng3 Rg1+ 45. Kf3 Ke8 46. Kf2 Kd7 47. Be1 Rgxe1 48. Rxe1 Rxe1 49. Kxe1 f6 50. exf6 Bxf6 51. Ne4 Be7 52. Nf2 Bf6 53. Ng4 Bg7 54. Ke2 e5 55. Kd3 exd4 56. cxd4 Ke6 57. Ke4 Bf8 58. Ne5 Bxb4 59. Nxc6 Bf8 60. Na7 b4 61. d5+ Kf6 62. Nc6 b3 63. Kd3 b2 64. Kc2 Ba3 65. d6 Bxd6 66. Kxb2 g4 67. Kc2 Bc5 68. Nb8 g3 69. Nd7+ Kf5 0-1

[Event "SWE-chT 0607"]
[Site "Sweden"]
[Date "2006.10.20"]
[Round "1"]
[White "Malesevic, Nedeljko"]
[Black "Johansson, Mikael"]
[Result "0-1"]
[WhiteElo "2342"]
[BlackElo "2370"]
[PlyCount "76"]
[EventDate "2006.10.20"]
[EventType "team-tourn"]
[EventRounds "11"]
[EventCountry "SWE"]
[SourceTitle "EXT 2009"]
[Source "ChessBase"]
[SourceDate "2008.11.26"]
[SourceVersion "1"]
[SourceVersionDate "2008.11.26"]
[SourceQuality "1"]
[WhiteTeam "Linkoping"]
[BlackTeam "Astorp"]
[WhiteTeamCountry "SWE"]
[BlackTeamCountry "SWE"]

1. d4 Nf6 2. c4 Nc6 3. Nc3 e5 4. d5 Ne7 5. e4 Ng6 6. Nf3 Bb4 7. Qc2 Bxc3+ 8. bxc3 d6 9. Be2 0-0 10. h3 Qe7 11. Bg5 Nf4 12. 0-0 h6 13. Bxf4 exf4 14. Rfe1 Nd7 15. Nd4 Ne5 16. Bf1 Bd7 17. f3 g5 18. Qf2 b6 19. Rad1 Qf6 20. Rd2 Kh8 21. Bd3 Rg8 22. Nb5 Qd8 23. Qf1 a6 24. Nd4 Qf6 25. Rf2 Rg7 26. Qe2 Rag8 27. Qd2 h5 28. Ne2 a5 29. Kf1 Qh6 30. Nc1 Bc8 31. Nb3 g4 32. Ke2 gxf3+ 33. gxf3 Rg2 34. Ref1 Bxh3 35. Nd4 Rxf2+ 36. Rxf2 Rg1 37. Nc6 Ng4 38. Nd8 Kg8 0-1

[Event "SWE-chT 0203"]
[Site "Sweden"]
[Date "2003.03.16"]
[Round "11"]
[White "Cramling, Pia"]
[Black "Johansson, Mikael"]
[Result "1-0"]
[WhiteElo "2563"]
[BlackElo "2275"]
[PlyCount "77"]
[EventDate "2002.10.11"]
[EventType "team-tourn"]
[EventRounds "11"]
[EventCountry "SWE"]
[SourceTitle "EXT 2004"]
[Source "ChessBase"]
[SourceDate "2003.11.25"]
[SourceVersion "1"]
[SourceVersionDate "2003.11.25"]
[SourceQuality "1"]
[WhiteTeam "Passanten"]
[BlackTeam "Helsingborg"]
[WhiteTeamCountry "SWE"]
[BlackTeamCountry "SWE"]

1. d4 Nf6 2. Nf3 e6 3. c4 c5 4. d5 exd5 5. cxd5 d6 6. e4 a6 7. h3 Nbd7 8. Bd3 Be7 9. 0-0 0-0 10. Re1 Re8 11. a4 Bf8 12. Na3 b5 13. axb5 axb5 14. Bg5 c4 15. Bf1 h6 16. Bxf6 Nxf6 17. Nxb5 Rxa1 18. Qxa1 Nxe4 19. Bxc4 Qf6 20. Bd3 Bd7 21. Nbd4 Ng5 22. Rxe8 Bxe8 23. Qe1 Bd7 24. b4 Bxh3 25. b5 Nxf3+ 26. Nxf3 Bc8 27. Qe4 g6 28. Nd4 Bd7 29. b6 Qd8 30. b7 Qb6 31. Ba6 Bg7 32. Nc6 Bxc6 33. dxc6 Be5 34. g3 Bxg3 35. Qf3 Be5 36. Bc4 d5 37. Qxd5 Qc7 38. Qd7 Kf8 39. b8Q+ 1-0

[Event "SWE-chT 0203"]
[Site "Sweden"]
[Date "2003.02.08"]
[Round "7"]
[White "Gausel, Einar"]
[Black "Johansson, Mikael"]
[Result "1-0"]
[WhiteElo "2504"]
[BlackElo "2275"]
[PlyCount "121"]
[EventDate "2002.10.11"]
[EventType "team-tourn"]
[EventRounds "11"]
[EventCountry "SWE"]
[SourceTitle "EXT 2004"]
[Source "ChessBase"]
[SourceDate "2003.11.25"]
[SourceVersion "1"]
[SourceVersionDate "2003.11.25"]
[SourceQuality "1"]
[WhiteTeam "Skara"]
[BlackTeam "Helsingborg"]
[WhiteTeamCountry "SWE"]
[BlackTeamCountry "SWE"]

1. Nf3 d5 2. c4 c6 3. d4 Nf6 4. Qc2 e6 5. Bg5 Nbd7 6. e3 Qa5+ 7. Nbd2 Ne4 8. cxd5 Nxg5 9. Nxg5 Nf6 10. Ngf3 cxd5 11. Bd3 Bd7 12. 0-0 Rc8 13. Qd1 Be7 14. Qe2 Qb6 15. Ne5 0-0 16. f4 Rc7 17. Ndf3 Ne4 18. Rac1 Rxc1 19. Rxc1 Nf6 20. g4 Bc6 21. g5 Ne4 22. Nxc6 bxc6 23. Bxe4 dxe4 24. Ne5 Rc8 25. Qc2 c5 26. Nd7 Qd8 27. Nxc5 e5 28. Qxe4 exf4 29. Qxf4 Bxg5 30. Qf3 Qe7 31. Rc3 Re8 32. e4 Rd8 33. Rd3 g6 34. Kh1 Bh4 35. e5 Qc7 36. Rd1 Re8 37. Rf1 a5 38. b3 Kg7 39. Ne4 Re7 40. Qf4 g5 41. Nxg5 Bxg5 42. Qxg5+ Kf8 43. Rc1 Qb6 44. d5 h6 45. Qf4 Rc7 46. Rxc7 Qxc7 47. Qxh6+ Kg8 48. Qe3 Qc2 49. a4 Kf8 50. d6 Qb1+ 51. Kg2 Qg6+ 52. Kf2 Qc2+ 53. Kg3 Qg6+ 54. Kf4 Qh6+ 55. Ke4 Qxh2 56. Qc3 Qe2+ 57. Kd4 Qa6 58. Qc7 Qe2 59. d7 Qf2+ 60. Kd5 Qf3+ 61. Kd6 1-0

[Event "SWE-chT 0203"]
[Site "Sweden"]
[Date "2003.01.18"]
[Round "6"]
[White "Gdanski, Jacek"]
[Black "Johansson, Mikael"]
[Result "1-0"]
[WhiteElo "2498"]
[BlackElo "2275"]
[PlyCount "95"]
[EventDate "2002.10.11"]
[EventType "team-tourn"]
[EventRounds "11"]
[EventCountry "SWE"]
[SourceTitle "EXT 2004"]
[Source "ChessBase"]
[SourceDate "2003.11.25"]
[SourceVersion "1"]
[SourceVersionDate "2003.11.25"]
[SourceQuality "1"]
[WhiteTeam "Eksjo"]
[BlackTeam "Helsingborg"]
[WhiteTeamCountry "SWE"]
[BlackTeamCountry "SWE"]

1. e4 c5 2. Nc3 Nc6 3. Bb5 Na5 4. Nf3 a6 5. Bd3 d6 6. e5 dxe5 7. Nxe5 Nf6 8. 0-0 e6 9. b3 Bd6 10. Ng4 Be7 11. Bb2 0-0 12. Nxf6+ Bxf6 13. Qh5 g6 14. Qxc5 Bd4 15. Qa3 b5 16. b4 Nc4 17. Bxc4 bxc4 18. Ne4 Bb7 19. Bxd4 Qxd4 20. Nc5 Bc6 21. Rfd1 a5 22. b5 Bxb5 23. Qe3 Rfd8 24. Ne4 Bc6 25. Nc3 Rab8 26. h3 Rb2 27. Rac1 e5 28. Qg5 Kg7 29. Ne2 Qd5 30. Nc3 Qd4 31. Ne2 Qd6 32. d4 f6 33. Qe3 Qd5 34. Qg3 Re8 35. Nc3 Qf7 36. d5 Ba8 37. Qg4 e4 38. Qe2 Qc7 39. Rd4 e3 40. fxe3 Qe5 41. Re4 Qxc3 42. Rxe8 Bxd5 43. Re7+ Kh6 44. Qg4 g5 45. h4 Bf7 46. hxg5+ fxg5 47. Rxf7 Qxe3+ 48. Kh2 1-0

[Event "SWE-chT 0203"]
[Site "Sweden"]
[Date "2002.12.07"]
[Round "5"]
[White "Johansson, Mikael"]
[Black "Ahlander, Bjorn"]
[Result "0-1"]
[WhiteElo "2275"]
[BlackElo "2478"]
[PlyCount "62"]
[EventDate "2002.10.11"]
[EventType "team-tourn"]
[EventRounds "11"]
[EventCountry "SWE"]
[SourceTitle "EXT 2004"]
[Source "ChessBase"]
[SourceDate "2003.11.25"]
[SourceVersion "1"]
[SourceVersionDate "2003.11.25"]
[SourceQuality "1"]
[WhiteTeam "Helsingborg"]
[BlackTeam "Limhamn"]
[WhiteTeamCountry "SWE"]
[BlackTeamCountry "SWE"]

1. e4 c5 2. c3 d5 3. exd5 Qxd5 4. d4 Nc6 5. Nf3 e6 6. Be2 cxd4 7. cxd4 Nf6 8. Nc3 Qd6 9. 0-0 Be7 10. Nb5 Qd8 11. Bg5 0-0 12. a3 a6 13. Nc3 b5 14. Qd2 Bb7 15. Rad1 Rc8 16. Qf4 Nd5 17. Qg4 Nxc3 18. bxc3 Bxg5 19. Nxg5 h6 20. f4 hxg5 21. fxg5 Ne7 22. Rd3 Ng6 23. Re3 e5 24. Rh3 Qd6 25. Qh5 Rfe8 26. Qh7+ Kf8 27. Rh6 Be4 28. Bh5 Rxc3 29. Bxg6 Qxd4+ 30. Kh1 Qf2 31. Qh8+ Ke7 0-1

[Event "Limhamn op"]
[Site "Limhamn"]
[Date "1998.??.??"]
[Round "?"]
[White "Johansson, Mikael"]
[Black "Petkovic, Peter"]
[Result "0-1"]
[WhiteElo "2305"]
[BlackElo "2170"]
[PlyCount "123"]
[EventDate "1998.??.??"]
[EventType "swiss"]
[EventRounds "7"]
[EventCountry "SWE"]
[SourceTitle "EXT 1999"]
[Source "ChessBase"]
[SourceDate "1998.11.16"]
[SourceVersion "1"]
[SourceVersionDate "1998.11.16"]
[SourceQuality "1"]

1. d4 g6 2. c4 Bg7 3. Nc3 d6 4. e4 c6 5. Be3 Nd7 6. f3 Ngf6 7. Qd2 a6 8. a4 Qa5 9. Ra3 Qc7 10. Bh6 Bxh6 11. Qxh6 Qb6 12. Qd2 a5 13. Nge2 Qc7 14. d5 Nc5 15. Nd4 e5 16. dxe6 Bxe6 17. Be2 0-0 18. 0-0 Rfe8 19. Rd1 Rad8 20. Kh1 Bc8 21. Qg5 Qe7 22. Raa1 Qe5 23. Qxe5 dxe5 24. Nc2 Be6 25. Kg1 Nh5 26. g3 Nf6 27. Kf2 g5 28. g4 Kf8 29. Ne3 Rd4 30. Nc2 Rd7 31. Rxd7 Nfxd7 32. Rb1 Nb3 33. h4 h6 34. Ne3 Nd4 35. hxg5 hxg5 36. b4 axb4 37. Rxb4 Nc5 38. a5 Re7 39. Na4 Ncb3 40. a6 bxa6 41. Bd1 Na5 42. Nc5 Ra7 43. Ra4 Nb7 44. Rxa6 Rxa6 45. Nxa6 Ke7 46. c5 Kd8 47. Ba4 Na5 48. Nb4 Kc7 49. Nf5 Bxf5 50. gxf5 f6 51. Kg3 Nc4 52. Kg4 Nb2 53. Bc2 Nxc2 54. Nxc2 Nd3 55. Kh5 Nxc5 56. Kg6 Nd7 57. Kf7 Kd6 58. Ne3 c5 59. Nc4+ Kc6 60. Ke6 Kc7 61. Ke7 Kc6 62. Ke6 0-1

[Event "SWE-ch op"]
[Site "Gotland"]
[Date "1997.??.??"]
[Round "4"]
[White "Johansson, Carl Fredrik"]
[Black "Johansson, Mikael"]
[Result "0-1"]
[WhiteElo "2240"]
[BlackElo "2310"]
[PlyCount "76"]
[EventDate "1997.03.21"]
[EventType "swiss"]
[EventRounds "9"]
[EventCountry "SWE"]
[SourceTitle "CBM 057 Extra"]
[Source "ChessBase"]
[SourceDate "1997.05.01"]
[SourceVersion "1"]
[SourceVersionDate "1997.05.01"]
[SourceQuality "1"]

1. d4 f5 2. Nf3 Nf6 3. g3 g6 4. Bg2 Bg7 5. 0-0 0-0 6. c4 d6 7. Nc3 Nc6 8. b3 Bd7 9. Bb2 e5 10. dxe5 dxe5 11. Ba3 e4 12. Ne1 Re8 13. Qc2 Nd4 14. Qd2 Bc6 15. Rd1 Ng4 16. Nc2 Nf3+ 17. exf3 Qxd2 18. Rxd2 Bxc3 19. Rdd1 exf3 20. Bh1 Re2 21. Nb4 Be4 22. Nd5 Rxa2 23. Bc1 Be5 24. h3 Nf6 25. Bf4 Nxd5 26. Bxe5 Re8 27. Ba1 Nb6 28. Rfe1 Kf7 29. Bd4 Re2 30. Be3 Rxe1+ 31. Rxe1 Rd8 32. g4 Rd3 33. gxf5 gxf5 34. Bxb6 axb6 35. Kh2 Kf6 36. Re3 Rxe3 37. fxe3 f2 38. Bg2 Bd3 0-1

[Event "SWE-ch op"]
[Site "Gotland"]
[Date "1997.??.??"]
[Round "6"]
[White "Johansson, Mikael"]
[Black "Lind, Jan Olov"]
[Result "0-1"]
[WhiteElo "2310"]
[BlackElo "2315"]
[PlyCount "136"]
[EventDate "1997.03.21"]
[EventType "swiss"]
[EventRounds "9"]
[EventCountry "SWE"]
[SourceTitle "CBM 057 Extra"]
[Source "ChessBase"]
[SourceDate "1997.05.01"]
[SourceVersion "1"]
[SourceVersionDate "1997.05.01"]
[SourceQuality "1"]

1. e4 c5 2. c4 Nc6 3. Nc3 g6 4. g3 Bg7 5. Bg2 Rb8 6. a3 a6 7. Rb1 b5 8. cxb5 axb5 9. b4 c4 10. Nge2 Ne5 11. 0-0 Nd3 12. a4 bxa4 13. Qxa4 Bb7 14. b5 Qc8 15. b6 Ra8 16. Qb5 e6 17. Bb2 Nxb2 18. Rxb2 Ne7 19. Rb4 Nc6 20. Ra4 Rxa4 21. Qxa4 Nd4 22. Nxd4 Bxd4 23. Nb5 Qc6 24. Rc1 Bxf2+ 25. Kxf2 Qxb6+ 26. d4 0-0 27. Rxc4 Bc6 28. Rb4 Rb8 29. Qb3 e5 30. Bf1 exd4 31. Bd3 Qc5 32. Kg2 Qc1 33. Qb2 Qe3 34. Qc2 f5 35. Qc4+ Kg7 36. Qxd4+ Qxd4 37. Rxd4 fxe4 38. Be2 e3+ 39. Kg1 Bxb5 40. Rb4 Bxe2 41. Rxb8 Bg4 42. Rb4 h5 43. Kg2 Kf6 44. Rb6+ Ke5 45. Rxg6 d5 46. h3 Be2 47. g4 h4 48. Rg5+ Ke4 49. Rg8 d4 50. Re8+ Kf4 51. Rf8+ Kg5 52. Rg8+ Kf6 53. Rf8+ Kg7 54. Re8 d3 55. Rxe3 d2 56. Rxe2 d1Q 57. Rf2 Qd5+ 58. Rf3 Kg6 59. Kf2 Qd2+ 60. Kg1 Qe2 61. Rf1 Qe3+ 62. Rf2 Qxh3 63. Rg2 Kg5 64. Rf2 Qe3 65. Kh1 h3 66. Ra2 Kh4 67. g5 Kg3 68. Rg2+ hxg2# 0-1

[Event "SWE-ch op"]
[Site "Gotland"]
[Date "1997.??.??"]
[Round "3"]
[White "Johansson, Mikael"]
[Black "Nilsson, Ove Farsta"]
[Result "1-0"]
[WhiteElo "2310"]
[BlackElo "2215"]
[PlyCount "49"]
[EventDate "1997.03.21"]
[EventType "swiss"]
[EventRounds "9"]
[EventCountry "SWE"]
[SourceTitle "CBM 057 Extra"]
[Source "ChessBase"]
[SourceDate "1997.05.01"]
[SourceVersion "1"]
[SourceVersionDate "1997.05.01"]
[SourceQuality "1"]

1. d4 g6 2. e4 Bg7 3. Nc3 d6 4. Bg5 c6 5. Qd2 Nd7 6. 0-0-0 b5 7. e5 dxe5 8. dxe5 Qa5 9. f4 Nc5 10. Nf3 b4 11. Nb5 Ne6 12. Nbd4 Nxd4 13. Nxd4 Bd7 14. Nb3 Qc7 15. Qxb4 a5 16. Qc5 h6 17. Bh4 g5 18. Bg3 Qa7 19. Qc3 gxf4 20. Bxf4 a4 21. Nc5 Bg4 22. Rd4 a3 23. Ra4 Rd8 24. Be2 axb2+ 25. Kb1 1-0

[Event "SWE-ch"]
[Site "Linkoping"]
[Date "1996.??.??"]
[Round "9"]
[White "Astrom, Robert"]
[Black "Johansson, Mikael"]
[Result "1-0"]
[WhiteElo "2425"]
[BlackElo "2325"]
[PlyCount "91"]
[EventDate "1996.??.??"]
[EventType "tourn"]
[EventRounds "13"]
[EventCountry "SWE"]
[SourceTitle "EXT 1999"]
[Source "ChessBase"]
[SourceDate "1998.11.16"]
[SourceVersion "1"]
[SourceVersionDate "1998.11.16"]
[SourceQuality "1"]

1. d4 Nf6 2. Nf3 g6 3. c4 Bg7 4. Nc3 0-0 5. e4 d6 6. Be2 e5 7. 0-0 Nc6 8. d5 Ne7 9. b4 Nh5 10. Re1 h6 11. c5 Nf4 12. Bf1 g5 13. Nd2 Neg6 14. Nc4 g4 15. cxd6 cxd6 16. b5 Kh7 17. Ba3 Rg8 18. Bxd6 Nh4 19. Kh1 Qg5 20. Ne2 Bd7 21. Qb3 Rac8 22. Rad1 Bf6 23. Nxf4 Qxf4 24. Qe3 Bxb5 25. Nxe5 Qxe3 26. Rxe3 Bxf1 27. Rxf1 Bxe5 28. Bxe5 Rc2 29. a3 Rgc8 30. h3 Ng6 31. Bf6 gxh3 32. Rxh3 Re8 33. f3 Nf4 34. Rh4 Ne2 35. Rg4 h5 36. Rg7+ Kh6 37. d6 Re6 38. e5 Rd2 39. f4 h4 40. Kh2 Ng3 41. Rf3 Nh5 42. f5 Re8 43. Bg5+ Kxg7 44. Bxd2 Rd8 45. Rd3 Ng3 46. Bg5 1-0

[Event "SWE-ch"]
[Site "Borlange"]
[Date "1995.??.??"]
[Round "6"]
[White "Astrom, Robert"]
[Black "Johansson, Mikael"]
[Result "1/2-1/2"]
[WhiteElo "2395"]
[BlackElo "2310"]
[PlyCount "111"]
[EventDate "1995.07.??"]
[EventType "tourn"]
[EventRounds "13"]
[EventCountry "SWE"]
[EventCategory "6"]
[SourceTitle "CBM 049 Extra"]
[Source "ChessBase"]
[SourceDate "1996.01.01"]
[SourceVersion "1"]
[SourceVersionDate "1996.01.01"]
[SourceQuality "1"]

1. d4 Nf6 2. c4 c5 3. d5 b5 4. cxb5 a6 5. bxa6 Bxa6 6. Nc3 g6 7. e4 Bxf1 8. Kxf1 d6 9. g3 Bg7 10. Kg2 0-0 11. Nf3 Nbd7 12. Re1 Qc7 13. h3 Rfb8 14. Re2 Rb4 15. Bg5 h6 16. Bxf6 Bxf6 17. Rc1 Qa5 18. Rcc2 Bg7 19. Qc1 Rab8 20. b3 c4 21. bxc4 Rxc4 22. Nd1 Rxc2 23. Qxc2 Qa6 24. Re3 Rc8 25. Qb1 Ne5 26. Nxe5 Bxe5 27. a3 Qc4 28. Qd3 Qa2 29. Re2 Qa1 30. Rc2 Ra8 31. Ne3 Rxa3 32. Qb5 Ra8 33. Qd7 Qa4 34. Qxa4 Rxa4 35. Rc4 Rxc4 36. Nxc4 Bd4 37. f4 f6 38. f5 g5 39. g4 Bc3 40. Kf3 Kf7 41. Ke2 Ke8 42. Kd3 Be1 43. Na3 Bg3 44. Nc2 Be5 45. Kc4 Kd7 46. Nb4 Bg3 47. Kb5 Bh2 48. Kb6 Bg3 49. Kb7 Bh2 50. Nc6 Bg3 51. Nb8+ Kd8 52. Kc6 Bh2 53. Nd7 Bg3 54. Nf8 Bh2 55. Ne6+ Kc8 56. Nf8 1/2-1/2

[Event "SWE-ch"]
[Site "Borlange"]
[Date "1995.??.??"]
[Round "11"]
[White "Hedman, Erik"]
[Black "Johansson, Mikael"]
[Result "1/2-1/2"]
[WhiteElo "2320"]
[BlackElo "2310"]
[PlyCount "108"]
[EventDate "1995.07.??"]
[EventType "tourn"]
[EventRounds "13"]
[EventCountry "SWE"]
[EventCategory "6"]
[SourceTitle "CBM 049 Extra"]
[Source "ChessBase"]
[SourceDate "1996.01.01"]
[SourceVersion "1"]
[SourceVersionDate "1996.01.01"]
[SourceQuality "1"]

1. d4 Nf6 2. c4 c5 3. d5 b5 4. Nf3 Qa5+ 5. Bd2 b4 6. Bg5 Ne4 7. Nbd2 Nxg5 8. Nxg5 h6 9. Ngf3 d6 10. g3 g6 11. Bg2 Bg7 12. Qc1 0-0 13. 0-0 Nd7 14. Ne1 Qc7 15. f4 a5 16. Qc2 a4 17. Rd1 b3 18. axb3 Nf6 19. h3 axb3 20. Nxb3 Qb6 21. Nd3 Bd7 22. Nd2 Ra2 23. Ra1 Rfa8 24. Rxa2 Rxa2 25. Kh2 Nh5 26. Bf3 Nf6 27. Rb1 Ne8 28. Qc1 Qa7 29. Kg2 Nc7 30. Nb3 Na6 31. Qe3 Bf5 32. Be4 Bxe4+ 33. Qxe4 Nb4 34. Nbc1 Ra4 35. Qe3 Qb7 36. b3 Ra8 37. Nxb4 cxb4 38. Qd2 Bc3 39. Qc2 Qa7 40. Qe4 Kf8 41. e3 Re8 42. Ne2 e6 43. Kf3 exd5 44. Qd3 dxc4 45. bxc4 Qd7 46. Nxc3 bxc3 47. Qxc3 Qxh3 48. Qh8+ Ke7 49. Rb7+ Kd8 50. Rb8+ Kc7 51. Qxe8 Qf1+ 52. Ke4 Qxc4+ 53. Kf3 Qf1+ 54. Ke4 Qc4+ 1/2-1/2

[Event "Sollentuna op"]
[Site "Sollentuna"]
[Date "1995.??.??"]
[Round "9"]
[White "Johansson, Mikael"]
[Black "Agrest, Evgenij"]
[Result "1/2-1/2"]
[WhiteElo "2265"]
[BlackElo "2460"]
[PlyCount "132"]
[EventDate "1995.??.??"]
[EventType "swiss"]
[EventRounds "9"]
[EventCountry "SWE"]
[SourceTitle "EXT 1997"]
[Source "ChessBase"]
[SourceDate "1996.11.15"]
[SourceVersion "1"]
[SourceVersionDate "1996.11.15"]
[SourceQuality "1"]

1. d4 d6 2. e4 Nf6 3. Nc3 c6 4. f4 Qa5 5. e5 Ne4 6. Qf3 Nxc3 7. Bd2 Bf5 8. Bd3 Bxd3 9. cxd3 Qd5 10. bxc3 Qxf3 11. Nxf3 e6 12. Ke2 dxe5 13. fxe5 c5 14. Rhb1 b6 15. a4 Nc6 16. a5 bxa5 17. Rb7 Rc8 18. Be3 cxd4 19. Nxd4 Be7 20. Nxc6 Rxc6 21. Rxa5 a6 22. Bb6 0-0 23. Rxa6 Bc5 24. Bxc5 Rxc5 25. c4 Rxe5+ 26. Kd2 Rf5 27. Kc3 h5 28. Rb5 Rf2 29. Rb2 Rf5 30. Rab6 g6 31. Rb8 Kg7 32. d4 Rxb8 33. Rxb8 Rf1 34. Rb2 Kf8 35. Kb4 Ke7 36. Kc5 Rc1 37. d5 exd5 38. Kxd5 Rd1+ 39. Kc6 Rd6+ 40. Kb5 Kd7 41. c5 Re6 42. Ra2 Re1 43. Ra7+ Ke6 44. Ra2 Kd7 45. Rd2+ Kc7 46. Kc4 Kc6 47. Rd6+ Kc7 48. Rd2 Kc6 49. Rd6+ Kc7 50. Rf6 Rc1+ 51. Kd5 Rd1+ 52. Kc4 Rc1+ 53. Kd4 Rd1+ 54. Ke5 Rd2 55. Rxf7+ Kb8 56. Rf8+ Kc7 57. Rf7+ Kb8 58. h4 Rxg2 59. Kd6 Rd2+ 60. Ke5 Rh2 61. Kd6 Rd2+ 62. Kc6 Rd4 63. Rg7 Rxh4 64. Rxg6 Rg4 65. Rh6 h4 66. Rh8+ Ka7 1/2-1/2

[Event "SWE-ch"]
[Site "Borlange"]
[Date "1995.??.??"]
[Round "3"]
[White "Johansson, Mikael"]
[Black "Eklund, Lars Goran"]
[Result "1-0"]
[WhiteElo "2310"]
[BlackElo "2330"]
[PlyCount "89"]
[EventDate "1995.07.??"]
[EventType "tourn"]
[EventRounds "13"]
[EventCountry "SWE"]
[EventCategory "6"]
[SourceTitle "CBM 049 Extra"]
[Source "ChessBase"]
[SourceDate "1996.01.01"]
[SourceVersion "1"]
[SourceVersionDate "1996.01.01"]
[SourceQuality "1"]

1. e4 Nc6 2. d4 d5 3. e5 Bf5 4. Nf3 Qd7 5. Bb5 f6 6. 0-0 0-0-0 7. c3 e6 8. Re1 h5 9. b4 Bg4 10. Nbd2 a6 11. Bf1 fxe5 12. b5 Nb8 13. bxa6 Nxa6 14. Qb3 Bd6 15. Rb1 Qc6 16. Nxe5 Bxe5 17. Rxe5 Bf5 18. Rb2 Nh6 19. Nf3 Nf7 20. Bb5 Qb6 21. Bg5 Be4 22. Rxe4 dxe4 23. Bxd8 exf3 24. Be7 fxg2 25. Bc5 Nxc5 26. dxc5 Qxc5 27. Qxe6+ Kb8 28. Qxf7 Rf8 29. Qxg7 h4 30. h3 Rf5 31. Qh8+ Rf8 32. Qd4 Qg5 33. Rb1 Qf5 34. Bd3 Qxh3 35. Rxb7+ Kc8 36. Rb8+ Kxb8 37. Qb4+ Ka7 38. Qc5+ Kb8 39. Qxf8+ Ka7 40. Qc5+ Kb8 41. Qb5+ Ka7 42. Qa4+ Kb6 43. Qd4+ c5 44. Qd6+ Ka7 45. Qc7+ 1-0